अटलबिहारी वाजपेयी. (Record no. 269537)

MARC details
000 -LEADER
fixed length control field 00954nam a2200181Ia 4500
008 - FIXED-LENGTH DATA ELEMENTS--GENERAL INFORMATION
fixed length control field 090630s9999 xx 000 0 und d
082 ## - DEWEY DECIMAL CLASSIFICATION NUMBER
Item number 17681
100 ## - MAIN ENTRY--PERSONAL NAME
Personal name शर्मा चंद्रीका प्रसाद अनु. ऊर्ध्वरेषे बाळ.
245 ## - TITLE STATEMENT
Title अटलबिहारी वाजपेयी.
Statement of responsibility, etc शर्मा चंद्रीका प्रसाद अनु. ऊर्ध्वरेषे बाळ.
260 ## - PUBLICATION, DISTRIBUTION, ETC. (IMPRINT)
Name of publisher, distributor, etc उत्कर्ष - पुणे.
300 ## - PHYSICAL DESCRIPTION
Extent 0
600 ## - SUBJECT ADDED ENTRY--PERSONAL NAME
Personal name शर्मा चंद्रीका प्रसाद अनु. ऊर्ध्वरेषे बाळ.
630 ## - SUBJECT ADDED ENTRY--UNIFORM TITLE
Uniform title अटलबिहारी वाजपेयी.
655 ## - INDEX TERM--GENRE/FORM
Genre/form data or focus term इतर.
700 ## - ADDED ENTRY--PERSONAL NAME
Personal name शर्मा चंद्रीका प्रसाद अनु. ऊर्ध्वरेषे बाळ.
730 ## - ADDED ENTRY--UNIFORM TITLE
Uniform title अटलबिहारी वाजपेयी.
942 ## - ADDED ENTRY ELEMENTS (KOHA)
Koha item type Book
Holdings
Withdrawn status Lost status Damaged status Not for loan Home library Current library Date acquired Cost, normal purchase price Total Checkouts Full call number Barcode Date last seen Cost, replacement price Price effective from Koha item type
        Sarvajanik Wachanalaya Shrivardhan Sarvajanik Wachanalaya Shrivardhan   150.00   17681 SAWASHRI-17681 06/30/2009 150.00 06/30/2009 Book